Spreadsheet tools for engineers : (Record no. 11513)
[ view plain ]
| 000 -LEADER | |
|---|---|
| fixed length control field | 00425cam a22001574a 4500 |
| 020 ## - INTERNATIONAL STANDARD BOOK NUMBER | |
| ISBN | 0072321660 |
| 040 ## - CATALOGING SOURCE | |
| Transcribing agency | DLC |
| 082 00 - DEWEY DECIMAL CLASSIFICATION NUMBER | |
| Classification number | 620 MCG 2000 A038 Or. |
| 100 1# - MAIN ENTRY--AUTHOR NAME | |
| Personal name | Gottfried, Byron S., |
| 245 10 - TITLE STATEMENT | |
| Title | Spreadsheet tools for engineers : |
| Remainder of title | Excel 2000 version / |
| 260 ## - PUBLICATION, DISTRIBUTION, ETC. (IMPRINT) | |
| Place of publication | Boston : |
| Name of publisher | McGraw-Hill, |
| Year of publication | c2000 |
| 300 ## - PHYSICAL DESCRIPTION | |
| Number of Pages | x, 420 p. : |
| Other physical details | ill. ; |
| Dimensions | 24 cm |
| 650 #0 - SUBJECT ADDED ENTRY--TOPICAL TERM | |
| Topical Term | Engineering |
| 650 #0 - SUBJECT ADDED ENTRY--TOPICAL TERM | |
| Topical Term | Electronic spreadsheets |
| 942 ## - ADDED ENTRY ELEMENTS (KOHA) | |
| Koha item type | សៀវភៅភាសាអង់គ្លេស |
| 952 ## - LOCATION AND ITEM INFORMATION (KOHA) | |
| Withdrawn status [LOCAL, KOHA] | 0 |
| Permanent Location | Date acquired | Koha item type | Lost status | Shelving location | Barcode | Current Location | Full call number |
|---|---|---|---|---|---|---|---|
| Library Block A | 2017-08-03 | សៀវភៅភាសាអង់គ្លេស | A038 | A13021 | Library Block A | 620 MCG 2000 A038 Or. |